Loading...
| Science - Chemistry | 0 | 6 | 0 | 0 | 60 | 75 | 84.83 | 4 | 6 | 0.00 | 0.00 |
| History - Other | 0 | 6 | 1 | 0 | 55 | 64 | 114.67 | 2 | 6 | 0.00 | 0.00 |
| Mythology | 0 | 5 | 0 | 0 | 50 | 64 | 109.60 | 1 | 4 | 0.00 | 0.00 |
| Fine Arts - Classical Music | 0 | 5 | 0 | 2 | 50 | 89 | 116.20 | 1 | 4 | 0.00 | 0.00 |
| Science - Physics | 0 | 5 | 2 | 1 | 40 | 71 | 108.60 | 2 | 5 | 0.00 | 0.00 |
| Fine Arts - Painting and Sculpture | 0 | 4 | 1 | 1 | 35 | 50 | 112.75 | 1 | 4 | 0.00 | 0.00 |
| History - World | 0 | 4 | 1 | 0 | 35 | 51 | 81.25 | 1 | 4 | 0.00 | 0.00 |
| Religion | 0 | 3 | 0 | 0 | 30 | 75 | 104.33 | 1 | 2 | 0.00 | 0.00 |
| History - European | 0 | 3 | 1 | 1 | 25 | 97 | 118.00 | 1 | 3 | 0.00 | 0.00 |
| History - American | 0 | 2 | 0 | 0 | 20 | 109 | 121.00 | 0 | 1 | 0.00 | 0.00 |
| Literature - European | 0 | 3 | 2 | 0 | 20 | 49 | 97.67 | 1 | 3 | 0.00 | 0.00 |
| Science - Biology | 0 | 2 | 1 | 0 | 15 | 109 | 113.00 | 1 | 2 | 0.00 | 0.00 |
| Literature - British | 0 | 1 | 0 | 0 | 10 | 126 | 126.00 | 0 | 1 | 0.00 | 0.00 |
| Literature - American | 0 | 1 | 0 | 0 | 10 | 115 | 115.00 | 0 | 1 | 0.00 | 0.00 |
| Pop Culture | 0 | 1 | 0 | 0 | 10 | 17 | 17.00 | 0 | 1 | 0.00 | 0.00 |
| Science - Other | 0 | 2 | 2 | 1 | 10 | 57 | 86.00 | 1 | 1 | 0.00 | 0.00 |
| Current Events | 0 | 0 | 0 | 0 | 0 | 0.00 | 0 | 0 | 0.00 | 0.00 | |
| Literature - World | 0 | 1 | 2 | 0 | 0 | 96 | 96.00 | 0 | 1 | 0.00 | 0.00 |
| Philosophy | 0 | 0 | 0 | 0 | 0 | 0.00 | 0 | 0 | 0.00 | 0.00 | |
| Social Science | 0 | 0 | 1 | 0 | -5 | 0.00 | 0 | 0 | 0.00 | 0.00 | |
| Fine Arts - Other | 0 | 0 | 2 | 0 | -10 | 0.00 | 0 | 0 | 0.00 | 0.00 |